Norma / (Record no. 196096)

MARC details
000 -LEADER
campo de control de longitud fija 02910njm a2200565 i 4500
001 - NÚMERO DE CONTROL
campo de control 196096
003 - IDENTIFICADOR DE NÚMERO DE CONTROL
campo de control ES-MaACL
005 - FECHA Y HORA DE LA ÚLTIMA TRANSACCIÓN
campo de control 20250904042257.0
007 - CAMPO FIJO DE DESCRIPCIÓN FÍSICA--INFORMACIÓN GENERAL
campo de control de longitud fija sd*fsngnnmmned
008 - DATOS DE LONGITUD FIJA--INFORMACIÓN GENERAL
campo de control de longitud fija 240209s2006 sp opn d / ita
015 ## - NÚMERO DE BIBLIOGRAFÍA NACIONAL
Número de bibliografía nacional SON06
017 ## - NÚMERO DE COPYRIGHT O DE DEPÓSITO LEGAL
Número de copyright o de depósito legal M 48051-2006
Agencia que asigna Oficina Depósito Legal Madrid
020 ## - NÚMERO INTERNACIONAL ESTÁNDAR DEL LIBRO
Número Internacional Estándar del Libro 9788496832206
035 ## - NÚMERO DE CONTROL DEL SISTEMA
Número de control de sistema (OCoLC)733210512
035 ## - NÚMERO DE CONTROL DEL SISTEMA
Número de control de sistema (SpMaBN)a4579716
040 ## - FUENTE DE CATALOGACIÓN
Centro catalogador/agencia de origen SpMaBN
Lengua de catalogación spa
Centro/agencia transcriptor SpMaBN
Normas de descripción rdc
100 1# - ENTRADA PRINCIPAL--NOMBRE DE PERSONA
Nombre de persona Bellini, Vincenzo,
Fechas asociadas al nombre 1801-1835
9 (RLIN) 240607
Término indicativo de función/relación Compositor
240 10 - TÍTULO UNIFORME
Título uniforme Norma
245 10 - MENCIÓN DEL TÍTULO
Título Norma /
Mención de responsabilidad, etc. Bellini ; libreto de Felice Romani
Medio [Grabación sonora]
260 ## - PUBLICACIÓN, DISTRIBUCIÓN, ETC.
Lugar de publicación, distribución, etc. Madrid :
Nombre del editor, distribuidor, etc. Prisa Innova,
Fecha de publicación, distribución, etc. D.L. 2006
264 ## - PRODUCCIÓN, PUBLICACIÓN, DISTRIBUCIÓN, FABRICACIÓN Y COPYRIGHT
Producción, publicación, distribución, fabricación y copyright ©2007
300 ## - DESCRIPCIÓN FÍSICA
Extensión 2 discos (CD Audio) +
Material acompañante/anejo 1 libro (76 páginas)
336 ## - TIPO DE CONTENIDO
Fuente rdacontent
Término de tipo de contenido música (interpretada)
337 ## - TIPO DE MEDIO
Fuente rdamedia
Nombre/término del tipo de medio audio
338 ## - TIPO DE SOPORTE
Fuente rdacarrier
Nombre/término del tipo de soporte volumen
490 1# - MENCIÓN DE SERIE
Mención de serie Los clásicos de la ópera, 400 años ;
Designación de volumen o secuencia 20
500 ## - NOTA GENERAL
Nota general Remasterizado
511 1# - NOTA DE PARTICIPANTES O INTÉRPRETES
Nota de participantes o intérpretes Montserrat Caballé, Robleto Merolla, Fiorenza Cossotto, Ivo Vinco, Nino Venturini, Anna Maria Balboni ; Orquesta y Coro de la RAI de Turín ; Georges Prêtre, director musical.
518 ## - NOTA DE FECHA/HORA Y LUGAR DE UN ACONTECIMIENTO
Nota de fecha/hora y lugar de un acontecimiento Grabado en Turín el 25 de mayo de 1971
520 ## - RESUMEN, ETC.
Sumario, etc. Norma, la ópera más conocida de Vincenzo Bellini, se sitúa en el corazón mismo del belcantismo y, aunque fundamentada aún en el legado neoclásico, establece ya el paradigma, junto a la donizettiana Lucia de Lammermoor (1835), de la primera ópera romántica italiana del primer tercio del siglo XIX. Desde su estreno en Milán en 1831, Norma siempre ha estado en el repertorio y ha desafiado, como pocos títulos han podido hacerlo, los cambios que en los ciento cincuenta años siguientes se iban a producir en las modas y en los gustos del público.
650 #7 - PUNTO DE ACCESO ADICIONAL DE MATERIA--TÉRMINO DE MATERIA
Término de materia o nombre geográfico como elemento de entrada Óperas-
9 (RLIN) 137584
Subdivisión de forma Libretos
655 #7 - TERMINO DE INDIZACIÓN--GENERO/FORMA
Datos o término principal de género/forma Libretos
Fuente del término
9 (RLIN) 242219
700 1# - ENTRADA AGREGADA--NOMBRE PERSONAL
Nombre de persona Romani, Felice,
Fechas asociadas al nombre 1788-1865-
Título de la obra Norma-
Lenguaje de la obra Español-Italiano
9 (RLIN) 238205
Término indicativo de función/relación Libretista
700 1# - ENTRADA AGREGADA--NOMBRE PERSONAL
Nombre de persona Caballé, Montserrat,
Fechas asociadas al nombre 1933-2018
9 (RLIN) 240608
Término indicativo de función/relación Intérprete
700 1# - ENTRADA AGREGADA--NOMBRE PERSONAL
Nombre de persona Merolla, Robleto
9 (RLIN) 238207
Término indicativo de función/relación Intérprete
700 1# - ENTRADA AGREGADA--NOMBRE PERSONAL
Nombre de persona Cossotto, Fiorenza,
Fechas asociadas al nombre 1935-
9 (RLIN) 238208
Término indicativo de función/relación Intérprete
700 1# - ENTRADA AGREGADA--NOMBRE PERSONAL
Nombre de persona Vinco, Ivo,
Fechas asociadas al nombre 1927-2014
9 (RLIN) 238209
Término indicativo de función/relación Intérprete
700 1# - ENTRADA AGREGADA--NOMBRE PERSONAL
Nombre de persona Venturini, Nino
9 (RLIN) 238210
Término indicativo de función/relación Intérprete
700 1# - ENTRADA AGREGADA--NOMBRE PERSONAL
Nombre de persona Balboni, Anna Maria
9 (RLIN) 238211
Término indicativo de función/relación Intérprete
700 1# - ENTRADA AGREGADA--NOMBRE PERSONAL
Nombre de persona Prêtre, Georges
Fechas asociadas al nombre 1924-2017
9 (RLIN) 238212
Término indicativo de función/relación Director musical
710 2# - ENTRADA AGREGADA--NOMBRE DE ENTIDAD CORPORATIVA
Nombre de entidad corporativa o nombre de jurisdicción como elemento de entrada Radiotelevisione italiana-
Unidad subordinada Orchestra Sinfonica di Torino
9 (RLIN) 235567
710 2# - ENTRADA AGREGADA--NOMBRE DE ENTIDAD CORPORATIVA
Nombre de entidad corporativa o nombre de jurisdicción como elemento de entrada Radiotelevisione italiana.
Unidad subordinada Coro di Torino
9 (RLIN) 238180
852 ## - LOCALIZACIÓN
Ubicación ES-MaACL
Sublocalización o colección R.155036
Ubicación en estantería Depósito J
Número de control de estantería N-9815
Donativo/Legado Donación: Miren Fernández
Encuadernación Encuadernación cartoné
Designación de la unidad física Volumen 20
itemnumber 205688
903 ## - NOMBRE PERSONAL DE DONANTE
a Fernández, Miren
e Donante
942 ## - ELEMENTOS DE ENTRADA SECUNDARIOS (KOHA)
Tipo de ítem Koha Libro impreso
Suprimir en OPAC No
Holdings
Estatus retirado Estado de pérdida Fuente del sistema de clasificación o colocación Estado de daño No para préstamo Biblioteca de origen Biblioteca actual Ubicación en estantería Fecha de adquisición Fuente de adquisición Total de préstamos Signatura topográfica completa Código de barras Visto por última vez Precio de reemplazo Tipo de ítem Koha
    Clasificación decimal universal     Biblioteca del Ateneo de Madrid Biblioteca del Ateneo de Madrid Depósito J 22/05/2025 Donación   N-9815 101230120 22/05/2025 22/05/2025 Libro impreso